Every 10k+ city in Hong Kong - Statistics

General Stats
  • This quiz has been taken 18 times
  • The average score is 11 of 35
Answer Stats
Population Status Adm. Name % Correct
2,230,550 KOW Kowloon
83%
487,724 New Town NT Sha Tin
83%
276,395 New Town NT Tai Po
78%
255,305 New Town NT Fanling - Sheung Shui
67%
210,356 New Town NT Ma On Shan
67%
304,617 New Town NT Tsuen Wan
67%
501,491 New Town NT Tuen Mun
67%
169,921 New Town NT Yuen Long
67%
277,731 New Town NT Tin Shui Wai
56%
179,581 New Town NT Tsing Yi
56%
316,217 New Town NT Kwai Chung
50%
39,321 NT Sai Kung
50%
116,022 New Town NT Tung Chung
50%
154,164 HKI Aberdeen
44%
417,693 New Town NT Tseung Kwan O
44%
8,698 NT Sha Tau Kok
33%
19,769 NT Cheung Chau
28%
14,912 HKI Stanley
28%
19,352 NT Discovery Bay
17%
22,257 NT Kam Tin
17%
14,409 NT Ma Wan
11%
74,958 HKI Pok Fu Lam
11%
15,824 NT San Tin
11%
923,028 HKI Victoria
11%
24,466 NT Tai Po Tsai
6%
19,141 NT Fairview Park
0%
21,413 NT Ha Tsuen
0%
18,505 NT Kwan Tei - Kan Tau
0%
13,143 NT Lam Tsuen
0%
13,029 NT Pat Heung
0%
41,775 NT Ping Shan
0%
12,363 HKI Repulse Bay
0%
38,718 NT Shap Pat Heung
0%
26,398 NT Shek Kong
0%
12,811 NT Tai Hang - Yuen Leng
0%
No matching quizzes found
Score Distribution
Percent of People with Each Score
Percentile by Number Answered
Your Score History
You have not taken this quiz